000 00322nam a2200133Ia 4500
008 240624s9999 xx 000 0 und d
041 _aeng
082 _a658.4092 NEW
100 _aNEWMAN AMY
245 _aBUILDING LEADERSHIP CHARACTER
260 _c2019
_aLondon
_bSage
300 _axx, 265 p.; 23 cm.
365 _c
_b35
999 _c31657
_d31657